000 00398nam a22001697a 4500
003 MPLRDC
005 20220104144016.0
008 210129b ||||| |||| 00| 0 eng d
082 _a590.8 WYS
100 _a王义山
245 _a海陆空军事趣闻大观
_c
250 _a初版
260 _a
_b海潮出版社
_c1990
300 _b
650 _a各国军事
942 _cBK
_o590.8 WYS
999 _c45487
_d45477